书目信息 |
| 题名: |
以色列的历史和概况
|
|
| 作者: | 萨弗兰 著 ;北京大学历史系翻译小组 译 | |
| 分册: | 下册 | |
| 出版信息: | 北京 北京人民出版社 |
|
| 页数: | 289-603页 | |
| 开本: | 21cm | |
| 丛书名: | ||
| 单 册: | ||
| 中图分类: | K382.0 | |
| 科图分类: | ||
| 主题词: | 亚洲--历史 | |
| 电子资源: | ||
| ISBN: | ||
| 000 | 00724nam0 2200205 450 | |
| 001 | 0663786030 | |
| 005 | 20060731174759.59 | |
| 010 | @dCNY1.90(上下册) | |
| 100 | @a20060731d km y0chiy0120 ea | |
| 101 | 0 | @achi |
| 102 | @aCN@b110000 | |
| 200 | 1 | @a以色列的历史和概况@Ayi se lie de li shi he gai kuang@h下册@f(美)纳达夫·萨弗兰著@F(mei)na da fu·sa fu lan zhu@g北京大学历史系翻译小组译@Gbei jing da xue li shi xi fan yi xiao zu yi |
| 210 | @a北京@c北京人民出版社 | |
| 215 | @a289-603页@d21cm | |
| 606 | 0 | @a亚洲@x历史 |
| 690 | @aK382.0@v3 | |
| 701 | 0 | @a萨弗兰@Asa fu lan@4著 |
| 702 | 0 | @a北京大学历史系翻译小组@Abei jing da xue li shi xi fan yi xiao zu@4译 |
| 801 | 0 | @aCN@bPFT@c20060731 |
| 905 | @a10447@dK382.0@e18:2 | |
| 以色列的历史和概况.下册/(美)纳达夫·萨弗兰著/北京大学历史系翻译小组译.-北京:北京人民出版社 |
| 289-603页;21cm |
| ISBN :CNY1.90(上下册) |
| ● |
| 相关链接 |
|
|
|
|
正题名:以色列的历史和概况
索取号:K382.0/18:2
 
预约/预借
| 序号 | 登录号 | 条形码 | 馆藏地/架位号 | 状态 | 备注 |
| 1 | 0443998 | 204439982 | 第二样本阅览室/ [索取号:K382.0/18:2] | 在馆 |